[Event "Klatovy op-A 29th"]
[Site "Klatovy"]
[Date "2023.07.09"]
[Round "9"]
[White "Lhotsky, Zdenek"]
[Black "Kucera, Petr2222"]
[Result "0-1"]
[WhiteElo "1840"]
[BlackElo "1935"]
[PlyCount "34"]
[EventDate "2023.07.01"]
[EventType "swiss"]
[EventRounds "9"]
[EventCountry "CZE"]
[SourceTitle "CBM 215 Extra"]
[Source "ChessBase"]
[SourceDate "2023.09.30"]
[SourceVersion "1"]
[SourceVersionDate "2023.09.30"]
[SourceQuality "1"]

1. e4 Nf6 2. e5 Nd5 3. d4 d6 4. c4 Nb6 5. f4 dxe5 6. fxe5 Nc6 7. Be3 Bf5 8. Nc3 e6 9. Be2 Qd7 10. Nf3 0-0-0 11. h3 f6 12. exf6 gxf6 13. 0-0 h5 14. c5 Nd5 15. Nxd5 Qxd5 16. a3 Qe4 17. Qd2 Bxc5 0-1

[Event "Klatovy op-A 29th"]
[Site "Klatovy"]
[Date "2023.07.06"]
[Round "6"]
[White "Ruessel, Bernhard"]
[Black "Lhotsky, Zdenek"]
[Result "0-1"]
[WhiteElo "1852"]
[BlackElo "1840"]
[PlyCount "62"]
[EventDate "2023.07.01"]
[EventType "swiss"]
[EventRounds "9"]
[EventCountry "CZE"]
[SourceTitle "CBM 215 Extra"]
[Source "ChessBase"]
[SourceDate "2023.09.30"]
[SourceVersion "1"]
[SourceVersionDate "2023.09.30"]
[SourceQuality "1"]

1. d4 d5 2. Nf3 Nf6 3. c4 e6 4. g3 Be7 5. Bg2 0-0 6. 0-0 dxc4 7. Ne5 Nc6 8. Nxc6 bxc6 9. e3 Rb8 10. Qc2 c5 11. dxc5 Ba6 12. Rd1 Qc8 13. b3 Bxc5 14. bxc4 Bb7 15. f3 Bc6 16. Kf2 Qb7 17. h3 Qa6 18. Qe2 Ba4 19. Rd2 Bb3 20. Bb2 Bxc4 21. Qd1 Rxb2 22. Rxb2 Nd5 23. Ke1 Nxe3 24. Qd2 Bf1 25. Bh1 Nc4 26. Qc2 Nxb2 27. Nc3 Nd3+ 28. Kxf1 Qc4 29. Qb3 Qd4 30. Ke2 Qe3+ 31. Kd1 Qg1+ 0-1

[Event "Klatovy op-A 29th"]
[Site "Klatovy"]
[Date "2023.07.03"]
[Round "3"]
[White "Lhotsky, Zdenek"]
[Black "Jordanov, Mihail"]
[Result "0-1"]
[WhiteElo "1840"]
[BlackElo "2140"]
[PlyCount "64"]
[EventDate "2023.07.01"]
[EventType "swiss"]
[EventRounds "9"]
[EventCountry "CZE"]
[SourceTitle "CBM 215 Extra"]
[Source "ChessBase"]
[SourceDate "2023.09.30"]
[SourceVersion "1"]
[SourceVersionDate "2023.09.30"]
[SourceQuality "1"]

1. e4 e5 2. Nf3 Nc6 3. Bb5 a6 4. Ba4 Nf6 5. Qe2 b5 6. Bb3 Be7 7. c3 0-0 8. 0-0 d6 9. Rd1 Na5 10. Bc2 c5 11. d4 Qc7 12. d5 Bd7 13. b3 Ne8 14. a4 b4 15. Bd2 bxc3 16. Bxc3 g6 17. Na3 Ng7 18. Qd2 Nb7 19. Nc4 Qd8 20. Qh6 f5 21. h4 fxe4 22. Bxe4 Nf5 23. Bxf5 Rxf5 24. Nfxe5 dxe5 25. g4 Rf3 26. Bxe5 Bf8 27. Qd2 Qxh4 28. Ne3 Re8 29. Bg3 Rxg3+ 30. fxg3 Qxg3+ 31. Ng2 Bg7 32. Rac1 Bd4+ 0-1

[Event "Klatovy op-A 29th"]
[Site "Klatovy"]
[Date "2023.07.02"]
[Round "2"]
[White "Dvorak, Jan"]
[Black "Lhotsky, Zdenek"]
[Result "1-0"]
[WhiteElo "2176"]
[BlackElo "1840"]
[PlyCount "77"]
[EventDate "2023.07.01"]
[EventType "swiss"]
[EventRounds "9"]
[EventCountry "CZE"]
[SourceTitle "CBM 215 Extra"]
[Source "ChessBase"]
[SourceDate "2023.09.30"]
[SourceVersion "1"]
[SourceVersionDate "2023.09.30"]
[SourceQuality "1"]

1. d4 d5 2. c4 e6 3. Nc3 Nf6 4. Bg5 Bb4 5. e3 0-0 6. cxd5 exd5 7. Bd3 Qd6 8. Nge2 c6 9. Qc2 Nbd7 10. 0-0 Re8 11. a3 Ba5 12. b4 Bd8 13. Na4 Nf8 14. Bf4 Qe7 15. b5 cxb5 16. Bxb5 Bd7 17. Bxd7 N8xd7 18. Qb3 Bb6 19. Nec3 Red8 20. Nxd5 Nxd5 21. Qxd5 Nc5 22. Qc4 Ne4 23. Rfc1 Ba5 24. Qb5 b6 25. Nb2 Rac8 26. Rxc8 Rxc8 27. Nd3 Rc2 28. Qd5 h6 29. Rc1 Rxc1+ 30. Nxc1 Nd2 31. Bd6 Qd7 32. h3 Qc8 33. Nb3 Nxb3 34. Qxb3 Qc1+ 35. Kh2 Be1 36. Bg3 Qd2 37. Qc4 Qb2 38. a4 g6 39. Qc8+ 1-0

[Event "Ceske Budejovice op"]
[Site "Ceske Budejovice"]
[Date "2021.07.07"]
[Round "7"]
[White "Vana, Jan1111"]
[Black "Lhotsky, Zdenek"]
[Result "1/2-1/2"]
[WhiteElo "1370"]
[BlackElo "1828"]
[PlyCount "99"]
[EventDate "2021.07.01"]
[EventType "swiss"]
[EventRounds "9"]
[EventCountry "CZE"]
[SourceTitle "CBM 203 Extra"]
[Source "ChessBase"]
[SourceDate "2021.09.30"]
[SourceVersion "1"]
[SourceVersionDate "2021.09.30"]
[SourceQuality "1"]

1. e4 c5 2. Nf3 d6 3. d4 cxd4 4. Qxd4 a6 5. c4 Nf6 6. Nc3 g6 7. Be3 Nc6 8. Qd2 Be6 9. Nd4 Bd7 10. Nxc6 Bxc6 11. f3 Bg7 12. Be2 0-0 13. Bh6 Qa5 14. h4 Bxh6 15. Qxh6 Qe5 16. 0-0-0 Nh5 17. Qg5 Qf4+ 18. Kb1 Qxg5 19. hxg5 Nf4 20. g3 Ne6 21. f4 Nc5 22. Bf3 f6 23. gxf6 Rxf6 24. Nd5 Rf7 25. b4 Na4 26. Rd2 e6 27. Ne3 Nc3+ 28. Kb2 Nxe4 29. Bxe4 Bxe4 30. Rhd1 e5 31. Ng4 Kg7 32. Rxd6 exf4 33. gxf4 Rxf4 34. Rd7+ Kg8 35. Nh6+ Kh8 36. Nf7+ Kg7 37. Ng5+ Kf6 38. Nxe4+ Rxe4 39. Rxh7 Rxc4 40. Rxb7 g5 41. Rd5 g4 42. Rb6+ Ke7 43. Rg5 Rac8 44. Rxa6 Rxb4+ 45. Ka3 Rbc4 46. Rag6 Ra8+ 47. Kb3 Rca4 48. Rg7+ Kf6 49. R7g6+ Kf7 50. Rg7+ 1/2-1/2

[Event "Ceske Budejovice op"]
[Site "Ceske Budejovice"]
[Date "2021.07.02"]
[Round "2"]
[White "Kuntner, Reinhard1111"]
[Black "Lhotsky, Zdenek"]
[Result "1-0"]
[WhiteElo "2101"]
[BlackElo "1828"]
[PlyCount "63"]
[EventDate "2021.07.01"]
[EventType "swiss"]
[EventRounds "9"]
[EventCountry "CZE"]
[SourceTitle "CBM 203 Extra"]
[Source "ChessBase"]
[SourceDate "2021.09.30"]
[SourceVersion "1"]
[SourceVersionDate "2021.09.30"]
[SourceQuality "1"]

1. c4 Nf6 2. Nc3 g6 3. e4 c5 4. g3 Nc6 5. Bg2 Bg7 6. Nge2 0-0 7. 0-0 d6 8. Rb1 Nd4 9. h3 Be6 10. d3 Qc8 11. Kh2 Nxe2 12. Nxe2 Nd7 13. Nf4 Ne5 14. Nxe6 Qxe6 15. f4 Nc6 16. h4 Qd7 17. f5 Nd4 18. Bh3 Qc7 19. Be3 a6 20. Qd2 b5 21. Rbc1 Rfb8 22. cxb5 Rxb5 23. f6 Bxf6 24. Rxf6 exf6 25. Bxd4 Qd8 26. Bc3 Rab8 27. b3 d5 28. exd5 Qxd5 29. Bxf6 Qh5 30. Rf1 R5b6 31. Bg5 f5 32. Rf4 1-0

[Event "CZE-chT2C 1920"]
[Site "Czech Republic"]
[Date "2020.06.27"]
[Round "10.7"]
[White "Lhotsky, Zdenek"]
[Black "Finek, Vaclav"]
[Result "0-1"]
[WhiteElo "1883"]
[BlackElo "2072"]
[PlyCount "108"]
[EventDate "2019.10.13"]
[EventType "team-tourn"]
[EventRounds "11"]
[EventCountry "CZE"]
[SourceTitle "EXT 2024"]
[Source "ChessBase"]
[SourceDate "2023.10.10"]
[SourceVersion "1"]
[SourceVersionDate "2023.10.10"]
[SourceQuality "1"]
[WhiteTeam "Praha Oaza II"]
[BlackTeam "Liberec Desko"]
[WhiteTeamCountry "CZE"]
[BlackTeamCountry "CZE"]

1. e4 Nf6 2. e5 Nd5 3. d4 d6 4. c4 Nb6 5. f4 dxe5 6. fxe5 Bf5 7. Nc3 e6 8. Be3 Nc6 9. Be2 Bb4 10. Nf3 0-0 11. 0-0 Bxc3 12. bxc3 Na5 13. c5 Nd5 14. Bd2 b6 15. c4 Ne7 16. Bxa5 bxa5 17. Qd2 Be4 18. Rad1 Rb8 19. Ng5 Bg6 20. Bf3 h6 21. Ne4 Rb4 22. Qc3 Qb8 23. Rf2 Rd8 24. Rfd2 a4 25. Nf2 c6 26. Be4 a5 27. Bxg6 Nxg6 28. Ne4 Qc7 29. Rf2 Rdb8 30. Nd6 Nh8 31. Rdf1 Rb1 32. h3 Rxf1+ 33. Rxf1 Qe7 34. Qxa5 Qh4 35. Qc3 a3 36. Qe3 Rb2 37. Rf4 Qg5 38. Qf3 Rxg2+ 39. Qxg2 Qxf4 40. Qf2 Qc1+ 41. Kh2 Qb2 42. Kg3 h5 43. h4 Qb1 44. Kh2 Qd3 45. Kg2 Qd1 46. Kh2 Qg4 47. Kh1 Ng6 48. Qxf7+ Kh8 49. Qe8+ Kh7 50. Qxc6 Qxh4+ 51. Kg2 Qg4+ 52. Kh1 Qxd4 53. Qe4 Qa1+ 54. Kg2 Qxa2+ 0-1

[Event "CZE-chT2C 1920"]
[Site "Czech Republic"]
[Date "2020.02.23"]
[Round "9.8"]
[White "Lochman, Vaclav"]
[Black "Lhotsky, Zdenek"]
[Result "1-0"]
[WhiteElo "2024"]
[BlackElo "1883"]
[PlyCount "99"]
[EventDate "2019.10.13"]
[EventType "team-tourn"]
[EventRounds "11"]
[EventCountry "CZE"]
[SourceTitle "EXT 2024"]
[Source "ChessBase"]
[SourceDate "2023.10.10"]
[SourceVersion "1"]
[SourceVersionDate "2023.10.10"]
[SourceQuality "1"]
[WhiteTeam "Mlada Boleslav"]
[BlackTeam "Praha Oaza II"]
[WhiteTeamCountry "CZE"]
[BlackTeamCountry "CZE"]

1. e4 c5 2. Nf3 d6 3. d4 cxd4 4. Nxd4 Nf6 5. Nc3 a6 6. a4 e5 7. Nde2 Be7 8. g3 0-0 9. Bg2 Be6 10. 0-0 Nc6 11. Nd5 Rc8 12. Nxf6+ Bxf6 13. Be3 Qc7 14. b3 b5 15. axb5 axb5 16. Nc3 Rb8 17. Nd5 Bxd5 18. exd5 Nb4 19. Be4 Ra8 20. Qd2 Na6 21. Qd3 Nb4 22. Rxa8 Rxa8 23. Qxb5 Nxc2 24. Qc6 Qxc6 25. dxc6 Nxe3 26. fxe3 Ra7 27. Rxf6 gxf6 28. b4 Ra4 29. b5 Rxe4 30. b6 Rc4 31. b7 Rxc6 32. b8Q+ Kg7 33. Kf2 Rc2+ 34. Kf3 d5 35. h4 Rc3 36. Ke2 Rc2+ 37. Kf3 Rc3 38. Kf2 Rc2+ 39. Kf1 Rc1+ 40. Kg2 Rc2+ 41. Kh3 Rc3 42. Qb6 h5 43. Qb5 Kg6 44. Qe2 Rc4 45. Qd3+ Kg7 46. Qxd5 Rc1 47. Qf3 Kg6 48. e4 Re1 49. Qf5+ Kg7 50. Kg2 1-0

[Event "CZE-chT2C 1920"]
[Site "Czech Republic"]
[Date "2020.01.26"]
[Round "7.7"]
[White "Lhotsky, Zdenek"]
[Black "Cermak, Michal1111"]
[Result "0-1"]
[WhiteElo "1883"]
[BlackElo "2090"]
[PlyCount "38"]
[EventDate "2019.10.13"]
[EventType "team-tourn"]
[EventRounds "11"]
[EventCountry "CZE"]
[SourceTitle "EXT 2024"]
[Source "ChessBase"]
[SourceDate "2023.10.10"]
[SourceVersion "1"]
[SourceVersionDate "2023.10.10"]
[SourceQuality "1"]
[WhiteTeam "Praha Oaza II"]
[BlackTeam "Lysa nad Labem Joly III"]
[WhiteTeamCountry "CZE"]
[BlackTeamCountry "CZE"]

1. e4 c6 2. Nf3 d5 3. Nc3 Bg4 4. h3 Bxf3 5. Qxf3 e6 6. d3 Nf6 7. Bd2 Bd6 8. g4 Qb6 9. 0-0-0 d4 10. Ne2 c5 11. g5 Nfd7 12. h4 Nc6 13. Bh3 Nde5 14. Qg2 c4 15. Be1 Rc8 16. Nf4 Ba3 17. Kd2 cxd3 18. bxa3 Qa5+ 19. Kc1 Qxa3+ 0-1

[Event "CZE-chT2C 1920"]
[Site "Czech Republic"]
[Date "2019.11.03"]
[Round "2.8"]
[White "Lhotsky, Zdenek"]
[Black "Vacek, Radomir"]
[Result "0-1"]
[WhiteElo "1883"]
[BlackElo "2036"]
[PlyCount "38"]
[EventDate "2019.10.13"]
[EventType "team-tourn"]
[EventRounds "11"]
[EventCountry "CZE"]
[SourceTitle "EXT 2024"]
[Source "ChessBase"]
[SourceDate "2023.10.10"]
[SourceVersion "1"]
[SourceVersionDate "2023.10.10"]
[SourceQuality "1"]
[WhiteTeam "Praha Oaza II"]
[BlackTeam "Bakov nad Jizerou"]
[WhiteTeamCountry "CZE"]
[BlackTeamCountry "CZE"]

1. e4 c5 2. Nf3 d6 3. d4 cxd4 4. Nxd4 Nf6 5. Nc3 g6 6. Be3 Bg7 7. Bc4 0-0 8. f3 Nc6 9. Qd2 Bd7 10. 0-0-0 Ne5 11. Bb3 Qa5 12. g4 Rfc8 13. Bh6 Nc4 14. Bxc4 Rxc4 15. Bxg7 Kxg7 16. Nb3 Qb4 17. e5 Ne8 18. a3 Qb6 19. Nd5 Qxb3 0-1

[Event "Ricany op-A"]
[Site "Ricany"]
[Date "2018.08.31"]
[Round "8"]
[White "Vorisek, Jakub"]
[Black "Lhotsky, Zdenek"]
[Result "1-0"]
[WhiteElo "2069"]
[BlackElo "1923"]
[PlyCount "35"]
[EventDate "2018.08.25"]
[EventType "swiss"]
[EventRounds "9"]
[EventCountry "CZE"]
[SourceTitle "EXT 2020"]
[Source "ChessBase"]
[SourceDate "2019.10.17"]
[SourceVersion "1"]
[SourceVersionDate "2019.10.17"]
[SourceQuality "1"]

1. e4 c5 2. Nf3 d6 3. d4 cxd4 4. Nxd4 Nf6 5. Nc3 a6 6. Bg5 Nbd7 7. f4 Qc7 8. Qe2 e6 9. 0-0-0 Be7 10. g3 b5 11. Bg2 Bb7 12. e5 dxe5 13. fxe5 Nd5 14. Bxe7 Nxe7 15. Ndxb5 axb5 16. Nxb5 Qxe5 17. Qxe5 Nxe5 18. Nc7+ 1-0

[Event "Ricany op-A"]
[Site "Ricany"]
[Date "2018.08.30"]
[Round "7"]
[White "Lhotsky, Zdenek"]
[Black "Hampel, Rudolf"]
[Result "1-0"]
[WhiteElo "1923"]
[BlackElo "1686"]
[PlyCount "119"]
[EventDate "2018.08.25"]
[EventType "swiss"]
[EventRounds "9"]
[EventCountry "CZE"]
[SourceTitle "EXT 2019"]
[Source "ChessBase"]
[SourceDate "2018.10.10"]
[SourceVersion "1"]
[SourceVersionDate "2018.10.10"]
[SourceQuality "1"]

1. e4 c5 2. Nf3 e6 3. d4 cxd4 4. Nxd4 Nf6 5. Nc3 a6 6. e5 Ng8 7. Be2 Bc5 8. 0-0 Ne7 9. Ne4 Qc7 10. Nb3 Ba7 11. Nd6+ Kf8 12. Be3 Nbc6 13. Bxa7 Rxa7 14. f4 f5 15. exf6 gxf6 16. f5 e5 17. Qd2 h5 18. Rad1 b6 19. Qd3 a5 20. Qc4 Rh7 21. Qh4 Ng8 22. Bc4 Rh6 23. Bxg8 Kxg8 24. Qc4+ Kh8 25. Qf7 Qd8 26. Ne8 d5 27. Qf8+ Kh7 28. Rf3 Qe7 29. Qxe7+ Rxe7 30. Nd6 Bd7 31. Rxd5 a4 32. Nd2 Nd4 33. Re3 Nxf5 34. Nxf5 Bxf5 35. Ne4 Rg7 36. Rd6 Bxe4 37. Rxe4 b5 38. Rb6 Rhg6 39. g3 Rd7 40. Rxb5 Rd1+ 41. Kf2 Rd2+ 42. Re2 Rxe2+ 43. Kxe2 h4 44. Kf3 hxg3 45. hxg3 Kg7 46. Ra5 e4+ 47. Kxe4 Rxg3 48. Ra7+ Kg6 49. Ra8 f5+ 50. Kf4 Rg4+ 51. Ke3 Re4+ 52. Kf3 Kg5 53. b3 axb3 54. cxb3 Rf4+ 55. Ke3 Re4+ 56. Kd3 Kf4 57. a4 Ke5 58. Re8+ Kd5 59. Rxe4 fxe4+ 60. Ke3 1-0

[Event "Ricany op-A"]
[Site "Ricany"]
[Date "2018.08.29"]
[Round "6"]
[White "Vetrovsky, Michal"]
[Black "Lhotsky, Zdenek"]
[Result "1-0"]
[WhiteElo "2078"]
[BlackElo "1923"]
[PlyCount "93"]
[EventDate "2018.08.25"]
[EventType "swiss"]
[EventRounds "9"]
[EventCountry "CZE"]
[SourceTitle "EXT 2019"]
[Source "ChessBase"]
[SourceDate "2018.10.10"]
[SourceVersion "1"]
[SourceVersionDate "2018.10.10"]
[SourceQuality "1"]

1. d4 Nf6 2. Nf3 g6 3. Bf4 Bg7 4. e3 0-0 5. h3 d6 6. Be2 b6 7. 0-0 Bb7 8. Nbd2 Nbd7 9. c3 Qe8 10. Bh2 e5 11. dxe5 Nxe5 12. Qc2 Kh8 13. a4 a6 14. Rfd1 Nxf3+ 15. Bxf3 Bxf3 16. Nxf3 Ne4 17. Nd2 f5 18. Nxe4 fxe4 19. Rd5 Rf5 20. Rad1 Qf7 21. c4 Rf8 22. Bg3 Qe8 23. b4 Rxd5 24. cxd5 Rf7 25. Rc1 Re7 26. Qc6 Qxc6 27. Rxc6 a5 28. bxa5 bxa5 29. Bxd6 cxd6 30. Rc8+ Bf8 31. Rxf8+ Kg7 32. Ra8 Kf6 33. Rxa5 Ke5 34. f4+ exf3 35. gxf3 Rc7 36. Kf2 Rc2+ 37. Kg3 Rc3 38. e4 Rc1 39. Ra8 Rg1+ 40. Kf2 Ra1 41. h4 Rh1 42. a5 Rxh4 43. a6 Rh2+ 44. Ke3 Ra2 45. f4+ Kf6 46. a7 Kg7 47. f5 1-0

[Event "Klatovy op-A 24th"]
[Site "Klatovy"]
[Date "2018.07.05"]
[Round "6"]
[White "Odehnal, Jaroslav"]
[Black "Lhotsky, Zdenek"]
[Result "1/2-1/2"]
[WhiteElo "1974"]
[BlackElo "1825"]
[PlyCount "51"]
[EventDate "2018.06.30"]
[EventType "swiss"]
[EventRounds "9"]
[EventCountry "CZE"]
[SourceTitle "EXT 2019"]
[Source "ChessBase"]
[SourceDate "2018.10.10"]
[SourceVersion "1"]
[SourceVersionDate "2018.10.10"]
[SourceQuality "1"]

1. d4 Nf6 2. Nf3 c5 3. g3 e6 4. Bg2 Nc6 5. c3 Be7 6. 0-0 cxd4 7. Nxd4 0-0 8. Qb3 e5 9. Nf5 Bc5 10. Be3 d6 11. Bxc5 dxc5 12. Ne3 Qc7 13. Nd2 Be6 14. Qb5 Nd7 15. Ne4 a6 16. Qd3 h6 17. Nd5 Qa5 18. c4 b5 19. Nd2 Rac8 20. Nb3 f5 21. a4 Nb4 22. e4 f4 23. gxf4 exf4 24. Bh3 Rce8 25. Bxe6+ Rxe6 26. Nxf4 1/2-1/2

[Event "Klatovy op-A 24th"]
[Site "Klatovy"]
[Date "2018.07.03"]
[Round "4"]
[White "Routner, Jakub"]
[Black "Lhotsky, Zdenek"]
[Result "1/2-1/2"]
[WhiteElo "2096"]
[BlackElo "1825"]
[PlyCount "43"]
[EventDate "2018.06.30"]
[EventType "swiss"]
[EventRounds "9"]
[EventCountry "CZE"]
[SourceTitle "CBM 185 Extra"]
[Source "ChessBase"]
[SourceDate "2018.07.29"]
[SourceVersion "1"]
[SourceVersionDate "2018.07.29"]
[SourceQuality "1"]

1. e4 c5 2. Nc3 a6 3. g3 b5 4. Bg2 Bb7 5. d3 e6 6. f4 d5 7. exd5 exd5 8. Nf3 Nf6 9. 0-0 Be7 10. Kh1 d4 11. Ne2 0-0 12. c3 Nc6 13. cxd4 Nxd4 14. Nexd4 cxd4 15. Bd2 Rc8 16. Rc1 Rxc1 17. Bxc1 Qd6 18. a4 b4 19. Ne5 Bxg2+ 20. Kxg2 Rc8 21. Nc4 Qc6+ 22. Kg1 1/2-1/2

[Event "Klatovy op-A 24th"]
[Site "Klatovy"]
[Date "2018.07.02"]
[Round "3"]
[White "Lhotsky, Zdenek"]
[Black "Brunova, Blanka"]
[Result "1-0"]
[WhiteElo "1825"]
[BlackElo "1994"]
[PlyCount "83"]
[EventDate "2018.06.30"]
[EventType "swiss"]
[EventRounds "9"]
[EventCountry "CZE"]
[SourceTitle "CBM 185 Extra"]
[Source "ChessBase"]
[SourceDate "2018.07.29"]
[SourceVersion "1"]
[SourceVersionDate "2018.07.29"]
[SourceQuality "1"]

1. e4 c5 2. Nf3 Nc6 3. d4 cxd4 4. Nxd4 Nf6 5. Nc3 e5 6. Ndb5 d6 7. Bg5 a6 8. Na3 b5 9. Nd5 Be7 10. Bxf6 Bxf6 11. c4 Bg5 12. Nc2 Rb8 13. cxb5 axb5 14. g3 0-0 15. Bg2 Ne7 16. 0-0 g6 17. h4 Nxd5 18. Qxd5 Be6 19. Qd1 Bh6 20. b3 f5 21. Qd3 d5 22. exf5 gxf5 23. Qe2 Qf6 24. Nb4 e4 25. Rad1 d4 26. f4 d3 27. Qe3 Qc3 28. Nxd3 Rbd8 29. Qb6 Bf7 30. Qxh6 Rxd3 31. Rxd3 Qxd3 32. Qg5+ Bg6 33. h5 Qd4+ 34. Kh2 Rf6 35. hxg6 Rxg6 36. Qxf5 Rh6+ 37. Bh3 Qd2+ 38. Kg1 Qd4+ 39. Kg2 Rc6 40. Rf2 e3 41. Re2 Qd1 42. Qxb5 1-0

[Event "Klatovy op-A 24th"]
[Site "Klatovy"]
[Date "2018.07.01"]
[Round "2"]
[White "Hlavac, Rudolf"]
[Black "Lhotsky, Zdenek"]
[Result "1/2-1/2"]
[WhiteElo "1987"]
[BlackElo "1825"]
[PlyCount "133"]
[EventDate "2018.06.30"]
[EventType "swiss"]
[EventRounds "9"]
[EventCountry "CZE"]
[SourceTitle "CBM 185 Extra"]
[Source "ChessBase"]
[SourceDate "2018.07.29"]
[SourceVersion "1"]
[SourceVersionDate "2018.07.29"]
[SourceQuality "1"]

1. e4 c5 2. Nf3 d6 3. d4 Nf6 4. Nc3 cxd4 5. Qxd4 a6 6. Bg5 Nc6 7. Qd2 e6 8. 0-0-0 Be7 9. Bf4 0-0 10. Bxd6 Bxd6 11. Qxd6 Qa5 12. Bc4 Rd8 13. Qf4 Rxd1+ 14. Rxd1 b5 15. Bb3 b4 16. e5 Nd7 17. Qe4 Qc7 18. Na4 Bb7 19. Ng5 Nf8 20. Nc5 h6 21. Nxb7 Qxb7 22. Nh3 Qb5 23. f4 Rc8 24. Nf2 a5 25. Qd3 Qb6 26. Ne4 Rd8 27. Nd6 Qf2 28. Qd2 Qc5 29. Ba4 Rb8 30. g3 Ng6 31. Kb1 Nge7 32. Ne4 Qb6 33. Qf2 Rd8 34. Rxd8+ Qxd8 35. Qd2 Qb6 36. c3 bxc3 37. Nxc3 Nb4 38. a3 Nbd5 39. Nxd5 Nxd5 40. Ka2 Qd8 41. Qd1 Qb6 42. Bb3 Ne3 43. Qf3 g6 44. g4 Kg7 45. h3 Qd4 46. Qb7 Nc4 47. Bxc4 Qxc4+ 48. Qb3 Qxf4 49. Qc3 a4 50. Qb4 Qxe5 51. Qxa4 Qd5+ 52. Qb3 f5 53. Qxd5 exd5 54. a4 f4 55. a5 f3 56. a6 f2 57. a7 f1Q 58. a8Q Qc4+ 59. b3 Qc2+ 60. Ka3 Qc5+ 61. Ka4 d4 62. Qd8 Kf7 63. h4 Qc6+ 64. Ka5 Qc5+ 65. Ka4 Qc6+ 66. Ka5 Qc5+ 67. Ka4 1/2-1/2

[Event "CZE-chT U18 Extraliga final-B 1718"]
[Site "Czech Republic"]
[Date "2018.04.21"]
[Round "9.2"]
[White "Sajdl, Jan"]
[Black "Lhotsky, Zdenek"]
[Result "1-0"]
[WhiteElo "1688"]
[BlackElo "1775"]
[PlyCount "77"]
[EventDate "2017.10.07"]
[EventType "team-tourn"]
[EventRounds "11"]
[EventCountry "CZE"]
[SourceTitle "EXT 2023"]
[Source "ChessBase"]
[SourceDate "2022.10.05"]
[SourceVersion "1"]
[SourceVersionDate "2022.10.05"]
[SourceQuality "1"]
[WhiteTeam "Jicin (U18)"]
[BlackTeam "Praha Promat Oaza (U18)"]
[WhiteTeamCountry "CZE"]
[BlackTeamCountry "CZE"]

1. e4 c5 2. Nf3 d6 3. d4 cxd4 4. Nxd4 Nf6 5. Nc3 a6 6. Be2 e5 7. Nb3 Be7 8. g4 h6 9. Be3 b5 10. Bf3 Nbd7 11. h4 Nb6 12. Qe2 b4 13. Bxb6 Qxb6 14. Nd5 Nxd5 15. exd5 a5 16. 0-0-0 Ba6 17. Qe4 Qxf2 18. Kb1 Qb6 19. g5 0-0-0 20. Qf5+ Kb8 21. Qxf7 Rde8 22. Qxg7 hxg5 23. hxg5 Rhg8 24. Qf7 Bxg5 25. Rh7 Ref8 26. Qh5 a4 27. Na1 Qe3 28. Rf7 Rxf7 29. Qxf7 Rd8 30. Bg4 a3 31. Nb3 axb2 32. Kxb2 Be2 33. Bxe2 Qxe2 34. Rh1 Rc8 35. Qg6 Be7 36. Rh7 Bf8 37. Rf7 Qc4 38. Rxf8 e4 39. Qxd6+ 1-0

[Event "CZE-chT U18 Extraliga West 1718"]
[Site "Czech Republic"]
[Date "2017.10.07"]
[Round "1.3"]
[White "Lhotsky, Zdenek"]
[Black "Brejnik, Gustav"]
[Result "0-1"]
[WhiteElo "1775"]
[BlackElo "2050"]
[PlyCount "70"]
[EventDate "2017.10.07"]
[EventType "team-tourn"]
[EventRounds "11"]
[EventCountry "CZE"]
[SourceTitle "EXT 2023"]
[Source "ChessBase"]
[SourceDate "2022.10.05"]
[SourceVersion "1"]
[SourceVersionDate "2022.10.05"]
[SourceQuality "1"]
[WhiteTeam "Praha Promat Oaza (U18)"]
[BlackTeam "Praha Kobylisy (U18)"]
[WhiteTeamCountry "CZE"]
[BlackTeamCountry "CZE"]

1. e4 c6 2. Nc3 d5 3. Nf3 Bg4 4. h3 Bxf3 5. Qxf3 e6 6. d3 Nf6 7. Bd2 Nbd7 8. g4 Bd6 9. 0-0-0 Qb6 10. g5 Ng8 11. h4 Ne7 12. Bh3 Rf8 13. Qh5 g6 14. Qe2 d4 15. Nb1 Qa6 16. a3 c5 17. f4 b5 18. f5 c4 19. fxe6 Ne5 20. exf7+ Rxf7 21. dxc4 bxc4 22. Rdf1 d3 23. Qd1 dxc2 24. Qxc2 Nd3+ 25. Kd1 Nf2+ 26. Kc1 Nd3+ 27. Kd1 Nf2+ 28. Kc1 Nxh1 29. Rxh1 Rf2 30. Qc3 Nc6 31. Qh8+ Rf8 32. Qxh7 Ne5 33. Nc3 Bxa3 34. bxa3 Qxa3+ 35. Kc2 Qb3+ 0-1

[Event "Klatovy op-A 23rd"]
[Site "Klatovy"]
[Date "2017.07.08"]
[Round "8"]
[White "Lhotsky, Zdenek"]
[Black "Odehnal, Jaroslav"]
[Result "1/2-1/2"]
[WhiteElo "1695"]
[BlackElo "1930"]
[PlyCount "56"]
[EventDate "2017.07.01"]
[EventType "swiss"]
[EventRounds "9"]
[EventCountry "CZE"]
[SourceTitle "EXT 2018"]
[Source "ChessBase"]
[SourceDate "2017.10.13"]
[SourceVersion "1"]
[SourceVersionDate "2017.10.13"]
[SourceQuality "1"]

1. e4 e5 2. Nf3 Nc6 3. Bb5 a6 4. Ba4 Nf6 5. Qe2 b5 6. Bb3 d6 7. c3 Be7 8. 0-0 0-0 9. Rd1 Re8 10. d4 Bf8 11. Bc2 Bg4 12. Bg5 h6 13. Bh4 g5 14. Bg3 Nh5 15. h3 Nxg3 16. fxg3 Bh5 17. Nbd2 exd4 18. g4 dxc3 19. gxh5 cxd2 20. Qxd2 Bg7 21. Bb3 Ne7 22. Rf1 Rf8 23. Rad1 c5 24. Nxg5 hxg5 25. Qxg5 Nc6 26. Qg3 Kh7 27. Bxf7 Ne5 28. Bg6+ Kh8 1/2-1/2

[Event "Klatovy op-A 23rd"]
[Site "Klatovy"]
[Date "2017.07.06"]
[Round "6"]
[White "Lhotsky, Zdenek"]
[Black "Novotny, Jaroslav"]
[Result "0-1"]
[WhiteElo "1695"]
[BlackElo "1933"]
[PlyCount "48"]
[EventDate "2017.07.01"]
[EventType "swiss"]
[EventRounds "9"]
[EventCountry "CZE"]
[SourceTitle "EXT 2018"]
[Source "ChessBase"]
[SourceDate "2017.10.13"]
[SourceVersion "1"]
[SourceVersionDate "2017.10.13"]
[SourceQuality "1"]

1. e4 c5 2. Nf3 d6 3. d4 cxd4 4. Nxd4 Nf6 5. f3 g6 6. Nc3 Bg7 7. Be3 0-0 8. Bc4 Nc6 9. Qd2 Bd7 10. 0-0-0 Rc8 11. Bb3 Ne5 12. g4 Nc4 13. Bxc4 Rxc4 14. h4 h5 15. Nd5 Nxd5 16. exd5 Qc7 17. gxh5 Rc8 18. Kb1 Qb6 19. Nb3 Qb5 20. c3 Bf5+ 21. Ka1 Ra4 22. Nc1 Bxc3 23. Qg2 Bg7 24. hxg6 Rxc1+ 0-1